| 000 | 00943cam a2200265 4500 | ||
|---|---|---|---|
| 001 | 3884 | ||
| 003 | BD-RjUL | ||
| 005 | 20211208233809.0 | ||
| 008 | 131221s1966 enka bs 001 0 eng | ||
| 035 | _a(BD-RjUL)3918 | ||
| 040 |
_aDLC _cDLC _dDLC _dBD-RjUL _beng |
||
| 041 | _aeng | ||
| 082 | 0 | 0 |
_a338.962 _bOBR |
| 100 | 1 |
_aO'Brien, Patrick Karl. _912393 |
|
| 245 | 1 | 4 |
_aThe revolution in Egypt's economic system: _bfrom private enterprise to socialism, 1952-1965 _c[by] Patrick O'Brien. |
| 260 |
_aLondon, _aNew York [etc.] _bIssued under the auspices of the Royal Institute of International Affairs [by] Oxford U.P., _cc1966. |
||
| 300 |
_axvii, 354 p. : _btables.; _c22.12 cm. |
||
| 350 | _a55/- | ||
| 504 | _aBibliography: p. 338-348 and index. | ||
| 651 | 0 |
_aEgypt _xEconomic conditions _y1952-1970. _912394 |
|
| 710 | 2 |
_aRoyal Institute of International Affairs. _95859 |
|
| 942 |
_2ddc _cBK |
||
| 999 |
_c3884 _d3884 |
||